Jason Narvy Filmography - Statistics

General Stats
  • This quiz has been taken 2 times
  • The average score is 10 of 22
Answer Stats
Type Year Answer Role % Correct
TV Series 1993-1996 Mighty Morphin Power Rangers Eugene 'Skull' Skullovitch
100%
TV Series 1997 Power Rangers Turbo Eugene 'Skull' Skullovitch
100%
Movie 1997 Turbo: A Power Rangers Movie Eugene 'Skull' Skullovitch
100%
Short Film 2020 Ark Exitus Graham
50%
TV Series 1995-1996 Masked Rider Combat Chopper (voice)
50%
Video 1995 Mighty Morphin Power Rangers: Ninja Quest Eugene 'Skull' Skullovitch
50%
Movie 1995 Mighty Morphin Power Rangers: The Movie Eugene 'Skull' Skullovitch
50%
TV Series 1998 Power Rangers in Space Eugene 'Skull' Skullovitch
50%
TV Series 1999 Power Rangers: Lost Galaxy Eugene 'Skull' Skullovitch
50%
TV Series 2012 Power Rangers Super Samurai Eugene 'Skull' Skullovitch
50%
TV Series 2002 Power Rangers Wild Force Eugene 'Skull' Skullovitch
50%
TV Series 1996 Power Rangers Zeo Eugene 'Skull' Skullovitch
50%
Video 1996 Power Rangers Zeo: Zeo Quest Eugene 'Skull' Skullovitch
50%
Short Film 2024 The Baku The Baku
50%
Video 1995 The Good, the Bad, and the Stupid: The Misadventures of Bulk and Skull Eugene 'Skull' Skullovitch
50%
TV Series 1995-1996 Zeo Serial Eugene 'Skull' Skullovitch
50%
Short Film 2016 Gideon's Frontier Gideon/British Commander
0%
Commercial 1993 Mighty Morphin Power Rangers PSA - Determination Eugene 'Skull' Skullovitch
0%
Commercial 1995 Mighty Morphin Power Rangers PSA - Just Acting Eugene 'Skull' Skullovitch
0%
Short Film 2010 Penny Mike
0%
Video Game 1997 The Power Rangers Activity Center Eugene 'Skull' Skullovitch
0%
Movie 2002 Wicked Game Guile Lydon
0%
No matching quizzes found
Score Distribution
Percent of People with Each Score
Percentile by Number Answered
Your Score History
You have not taken this quiz